| 000 | 00476nam a2200169 a 4500 | ||
|---|---|---|---|
| 005 | 20140412111221.0 | ||
| 008 | 020530s19uu xx 00 eng d | ||
| 020 | _a0-590-02049-8 | ||
| 050 |
_aER _bIc1 |
||
| 100 | _aCameron, Polly | ||
| 245 |
_a"I can't" said the ant / _cwords and pictures by Polly Cameron. |
||
| 260 |
_aNew York : _bScholastic Inc. |
||
| 300 | _a1 v. (unp.) ; ill. | ||
| 650 |
_aAnts _xFiction |
||
| 650 |
_aChildren stories _xFiction |
||
| 999 |
_c101930 _d101930 |
||